000 00926nam a2200265Ia 4500
003 OSt
005 20221005105643.0
006 a|||||r|||| 00| 0
007 ta
008 221004b |||||||| |||| 00| 0 hin d
020 _a8181432118 (hbk)
_c37
024 _a97651
037 _b573, 23/03/2009, Vani Prakashan
_cTextual
040 _aCRL
_cCRL
_bhin
041 _2hin
_ahin
082 _aO152,1:gN, P5
100 _aतिवारी, उमाशंकर, संपा.
245 0 _aनवगीत निकष
246 _aNavagīt nikaṣha
260 _aनई दिल्ली
_bवाणी प्रकाशन भारत
_c2005
300 _a127पृ0
_ccm.
650 _aहिन्दी साहित्य
942 _hO152,1:gN, P5
_cTEXL
_2cc
999 _c1016470
_d1016470